| 000 | 01220nam a2200289 a 4500 | ||
|---|---|---|---|
| 008 | 951205s1982||||[C 0 slo c | ||
| 020 |
_c85 Kčs. _q(10000 výtl.) |
||
| 040 |
_aSNK _bslo _cSNK _eAACR2 |
||
| 041 | 1 |
_aslo _hslo |
|
| 044 |
_axo _cSK |
||
| 080 | _a07(031) | ||
| 080 | _a03 | ||
| 080 | _a07 | ||
| 245 | 1 | 0 |
_aMalá encyklopédia žurnalistiky _bTeória a dejiny žurnalistiky. Žurnalistické prejavy a celky. Žurnalistika a spoločnosť. Rozhlasová, televízna a filmová žurnalistika. Osobnosti československej žurnalistiky ; Ľudovít Jacz, Eleonóra Janotová, Miroslav Brocko, Igor Grossmann, Tibor Hrabovský, Dušan Brocko |
| 250 | _a1., vyd. | ||
| 260 |
_aBratislava _bObzor _c1982 _eMartin _fTlačiarne SNP |
||
| 300 |
_a587 s., 80,66 AH _c24 cm |
||
| 490 | 0 | _aMalé encyklopédie | |
| 500 | _aLit. 325. Reg. 325 zázn. lit. o knihách, čl., materiáloch zo zjazdu, vyhláškach a záznamoch v jaz. slov., čes., rus., nem., angl., franc. a poľ. | ||
| 700 | 1 |
_aJacz, Ľudovít _4com |
|
| 700 | 1 |
_aJanotová, Eleonóra _4trl |
|
| 700 | 1 |
_aBrocko, Miroslav _4bkd |
|
| 700 | 1 |
_aGrossmann, Igor _4bkd |
|
| 700 | 1 |
_aHrabovský, Tibor _4bkd |
|
| 700 | 1 |
_aBrocko, Dušan _4oth |
|
| 958 | _aA | ||
| 999 |
_c19125 _d19125 |
||